Normal view
MARC view
Entry Personal Name
001 - CONTROL NUMBER
- control field: 16017
003 - CONTROL NUMBER IDENTIFIER
- control field: BD-RjUL
005 - DATE AND TIME OF LATEST TRANSACTION
- control field: 20250714115918.0
008 - FIXED-LENGTH DATA ELEMENTS
- fixed length control field: 250714|| aca||aabn | a|a d
040 ## - CATALOGING SOURCE
- Original cataloging agency: BD-RjUL
- Transcribing agency: BD-RjUL
100 ## - HEADING--PERSONAL NAME
- Personal name: سجاد., سىد ;; sazzad, saiyed
670 ## - SOURCE DATA FOUND
- Source citation: Work cat.: (BD-RjUL)85194: سجاد., سىد ;; sazzad, saiyed, آب حىات کا تنقىدى اور تحقىقى مطالعه / Āb-i ḥayāt kā tanqīdī aur taḥqīqī mut̤ālaʻah /, 1966